| 000 | 00583 a2200157 4500 | ||
|---|---|---|---|
| 003 | Nust | ||
| 005 | 20230330113332.0 | ||
| 040 | _cNust | ||
| 082 | _a897,HIG | ||
| 245 |
_aHigghlights of Modern Literature / _cEditor: Francis Brown |
||
| 260 |
_aLondon _c1954 |
||
| 300 | _a240:p | ||
| 505 | _aPart.1 On Books (Page-13), Part.2 On Writers and Writing (Page-25), Part.3 Appraisals and Reappraisals (Page-95), Part.4 On Poetry (Page-150), Part.5 On History and Biography (Page-191), Part.6 Some Names Remembered (Page-220). | ||
| 650 |
_aModern Literature _9111584 |
||
| 942 |
_2ddc _cBK |
||
| 999 |
_c186085 _d186085 |
||